Elementary algebra
Guardat en:
| Autor principal: | |
|---|---|
| Format: | Llibre |
| Idioma: | anglès |
| Publicat: |
Nueva York
Holt, Rinehart and Winston
1966
|
| Matèries: | |
| Etiquetes: |
Afegir etiqueta
Sense etiquetes, Sigues el primer a etiquetar aquest registre!
|
MARC
| LEADER | 00000nam a2200000 a 4500 | ||
|---|---|---|---|
| 001 | UCQ8375 | ||
| 003 | CL-VaPUC | ||
| 008 | 981209e19660000US |||||||||||||||||eng|d | ||
| 082 | 0 | 4 | |a 512 |b NIC |2 21 |
| 100 | |a Nichols, Eugene D. |e author |9 422348 | ||
| 245 | 1 | 0 | |a Elementary algebra |
| 300 | |a 466 p | ||
| 942 | |c BK | ||
| 945 | |d 19981209 00:00:00 |a crobeson | ||
| 260 | |a Nueva York |b Holt, Rinehart and Winston |c 1966 | ||
| 650 | 0 | |a Álgebra |9 259567 | |
| 650 | 0 | |a Funciones (Matemáticas) |9 338128 | |
| 650 | 0 | |a Aritmética |9 270049 | |
| 650 | 0 | |a Ecuaciones |9 260137 | |
| 650 | 0 | |a Trigonometría |9 259568 | |
| 583 | |a last modification |c 19981209 00:00:00 |k Rodrigo Vera | ||
| 999 | |c 277660 |d 277658 | ||
| 952 | |0 0 |1 0 |4 0 |6 512_000000000000000_NIC_1966 |7 0 |8 A |9 315721 |a BIBMAT |b BIBMAT |d 2019-11-20 |i 130190K |o 512 NIC 1966 |p 130190K |r 2025-01-07 |w 2019-11-20 |y BK |k MAT | ||